00570pam a22002054a 4500001000800000005001700008008004100025010001700066020003500083020003700118040001800155041000800173042000800181080001700189082002100206100000700227101000800234245005400242504006800296403671720180123045647.0981223s1999 ne b 001 0 eng  a 98055950  a9027217785 (Eur. : alk. paper) a1556198329 (U.S.) : alk. paper) aDLCcDLCdDLC aeng apcc a300..72 hen00a300/.72 hen221 a37 aedu00aAction research :cedited by Davydd J. Greenwood. aIncludes bibliographical references (p. [259]-271) and indexes.